La competencia desleal

Guardat en:
Dades bibliogràfiques
Autor principal: Gacharná, María Consuelo (Autor)
Format: Llibre
Idioma:espanyol
Publicat: Bogotá Temis 1982
Edició:1a. ed
Matèries:
Etiquetes: Afegir etiqueta
Sense etiquetes, Sigues el primer a etiquetar aquest registre!

MARC

LEADER 00000cam a2200000 a 4500
001 UCC4289
003 CL-VaPUC
008 180727e19820000ck |||||||||||||||||spa|d
020 |a 8482722107 
082 0 4 |a 343.0721  |b GAC  |2 21 
100 0 |a Gacharná, María Consuelo  |e author  |9 598454 
245 1 3 |a La competencia desleal 
250 |a 1a. ed 
300 |a 117 p 
942 |c BK 
945 |d 20180727 12:54:00  |a dcastane 
260 |a Bogotá  |b Temis  |c 1982 
650 7 |a COMPETENCIA DESLEAL  |2 CL-VaPUC  |9 256288 
650 0 |a Libre competencia   |9 391595 
583 |a last modification  |c 20180727 12:54:00  |k Rodrigo Vera 
999 |c 371842  |d 371840 
952 |0 0  |1 0  |3 erb  |4 0  |6 343_072100000000000_GAC_1982  |7 0  |8 A  |9 489039  |a BIBDER  |b BIBDER  |e Mateluna Arestizabal, Alfredo Sergio  |i 5483263  |l 1  |o 343.0721 GAC 1982  |p 5483263  |r 2023-01-27  |s 2023-01-27  |w 2019-11-24  |y BK  |z Catalogado en:20180727  |k DER